| 000 | 00924nam a22002657a 4500 | ||
|---|---|---|---|
| 003 | DO-SdBNP | ||
| 005 | 20260321073645.0 | ||
| 007 | ta | ||
| 008 | 220909b2016 dr ||||| |||| 00| p spa d | ||
| 020 | _a9789945857887 | ||
| 040 |
_aDO-SdBNP _bspa _cBNPHU |
||
| 041 | 1 | 7 |
_aspa _hCreole |
| 082 | 4 | _222 | |
| 100 | 1 |
_aKen-Heroum, Ankhi _982332 |
|
| 245 | 1 | 0 |
_aZile a : _bantoloji jèn powèt ayisyen ak dominiken / _cAnkhi Ken-Heroum ; editor Juan Bosch ; prólogo Manno Ejèn. |
| 246 | 1 | 0 | _aLa isla : antología de jóvenes poetas haitianos y dominicanos |
| 260 |
_aSanto Domingo : _bFundación Juan Bosch, _c2016. |
||
| 300 |
_axxxiv, 277 p. ; _c21 cm. |
||
| 500 | _a Texto criollo haitiano y español | ||
| 546 | _a Texto criollo haitiano y español | ||
| 590 | _aInventariado, 2022 /LP | ||
| 700 | 1 |
_aEjèn, Manno, _eprólogo _982333 |
|
| 700 | 1 |
_a Bosch, Juan, _d1909-2001 _eeditor _976555 |
|
| 942 |
_2ddc _cLBS1 |
||
| 999 |
_c52366 _d52366 |
||